000 00314nam a2200133Ia 4500
008 231017s9999 xx 000 0 und d
082 _a388.4
082 _bTRB
245 0 _aImproving Pedestrian Safety at Unsignalized Crossings - Mar 2006
245 0 _cTRB
260 _bTRB
300 _c30cm
942 _cREP
999 _c604177
_d604177